LEADER 00877nam0 2200265 450 001 000026429 005 20090714102524.0 100 $a20090714d2009----km-y0itay50------ba 101 0 $aita 102 $aIT 105 $ay-------001yy 200 1 $aQuale futuro per le portaerei?$efunzioni e impiego dell'aviazione imbarcata negli scenari del XXI secolo$fMichele Cosentino 210 $aRoma$cRivista marittima$d2009 215 $a156 p.$cfoto a colori$d25 cm 410 0$aSupplemento alla Rivista marittima 422 0$1001000001926 500 10$aQuale futuro per le portaerei?$943280 610 1 $aNavigazione aerea 676 $a629$v20 700 1$aCosentino,$bMichele$09394 801 0$aIT$bUNIPARTHENOPE$gRICA$2UNIMARC 912 $a000026429 951 $aRIMAS 629/2-3-2009$b[s.i.]$cPIST$d2009 996 $aQuale futuro per le portaerei$943280 997 $aUNIPARTHENOPE LEADER 01810 am 2200673 n 450 001 9910149356503321 005 20160608 010 $a2-918887-25-0 024 7 $a10.4000/books.pcjb.1091 035 $a(CKB)4330000000030619 035 $a(FrMaCLE)OB-pcjb-1091 035 $a(oapen)https://directory.doabooks.org/handle/20.500.12854/54833 035 $a(PPN)197596460 035 $a(EXLCZ)994330000000030619 100 $a20161021j|||||||| ||| 0 101 0 $afre 135 $auu||||||m|||| 181 $ctxt$2rdacontent 182 $cc$2rdamedia 183 $acr$2rdacarrier 200 10$aNouveaux documents sur l'art du Peintre de Lipari /$fMadeleine Cavalier 210 $aNaples $cPublications du Centre Jean Bérard$d2016 215 $a1 online resource (66-[61] p.) 311 $a2-903189-06-4 606 $aArt 606 $aHistory 606 $aLipari 606 $afouille archéologique 606 $aîles Eoliennes 606 $aItalie 606 $acéramique 606 $aAntiquité 606 $apeinture 606 $avase 610 $aItalie 610 $afouille archéologique 610 $apeinture 610 $aîles Eoliennes 610 $acéramique 610 $aAntiquité 610 $aLipari 610 $avase 615 4$aArt 615 4$aHistory 615 4$aLipari 615 4$afouille archéologique 615 4$aîles Eoliennes 615 4$aItalie 615 4$acéramique 615 4$aAntiquité 615 4$apeinture 615 4$avase 700 $aCavalier$b Madeleine$0162653 701 $aBernabò Brea$b Luigi$0397511 801 0$bFR-FrMaCLE 906 $aBOOK 912 $a9910149356503321 996 $aNouveaux documents sur l'art du Peintre de Lipari$93032781 997 $aUNINA